Game of Thrones by Letter - C - Statistics

General Stats
  • This quiz has been taken 160 times
    151 since last reset
  • The average score is 14 of 19
Answer Stats
Hint Answer % Correct
Mother of Joffrey, Myrcella and Tommen Cersei Lannister
100%
House motto of the Starks: Winter is ______ Coming
100%
Tully who married Ned Stark Catelyn Stark
98%
House of Gregor and Sandor Clegane
98%
Seat of House Lannister Casterly Rock
92%
They inhabited Westeros before the first men came {Children} of the Forest
91%
Member of the Small Council: Master of ____ Coin
85%
Type of weapon Tyrion uses to kill his father Crossbow
85%
The "rains" of this ruined castle has become a folk song Castamere
84%
Night's Watch headquarters Castle Black
81%
Actress who plays Daenerys Targaryen Emilia Clarke
81%
He has a keep north of the Wall and offers his sons to the dead Craster
76%
Building of maesters in Oldtown Citadel
66%
"ism" practiced most famously by the Thenn people Cannibalism
56%
What Lancel was to Robert and Arya to Tywin Cupbearer
51%
Second book of the series A {Clash} {of} {Kings}
48%
Land of King's Landing ruled directly by the monarch on the Iron Throne Crownlands
44%
Aspect of the Seven representing wisdom and fortnight Crone
40%
King's Landing's law enforcement City Watch
34%
No matching quizzes found
Score Distribution
Percent of People with Each Score
Percentile by Number Answered
Your Score History
You have not taken this quiz since the last reset